000 00284nam a22001337a 4500
008 170404b xxu||||| |||| 00| 0 eng d
020 _a9780766815605
041 _aeng
080 _22ND
_a574
100 _a9
101 _aSHM
245 _aFLORICULTURE
_cGRINER, CH
942 _2udc
_cBK
999 _c9611
_d9611